| 000 | 00828nam a22002417a 4500 | ||
|---|---|---|---|
| 003 | UA-OsUOA | ||
| 001 | 74844 | ||
| 007 | ta | ||
| 008 | 20110418b un ||||| |||| 00| 0 ukr d | ||
| 100 | _aБаран В.Д. | ||
| 700 | _aМихайлина Л.П. | ||
| 700 | _aПивоваров С.В. | ||
| 090 |
_a902 _bБ24 |
||
| 942 | _cSA | ||
| 040 |
_aUA-OsUOA _bukr _cUA-OsUOA _dUA-OsUOA |
||
| 245 | _aВнесок Івана Борковського у вивчення старожитностей слов'ян (до 70-річчя відкриття празької археологічної культури) | ||
| 300 | _aС.117-124 | ||
| 955 | _a0 | ||
| 041 | _aukr | ||
| 080 | _a902 | ||
| 773 | 0 |
_w74830 _tАрхеологія _dК. _d2011 _g1 |
|
| 650 | 7 |
_a9 Географія. Біографії. Історія _2UDC |
|
| 999 |
_c361141 _d361141 |
||